书目信息 |
| 题名: |
行政处罚与行政复议
|
|
| 作者: | 姚岳绒 编著 | |
| 分册: | ||
| 出版信息: | 北京 中国法制出版社 2006 |
|
| 页数: | 272页 | |
| 开本: | 21cm | |
| 丛书名: | 维权百事通 | |
| 单 册: | ||
| 中图分类: | D922.115 , D925.304 | |
| 科图分类: | ||
| 主题词: | 行政处罚--基本知识--中国 , 行政复议--基本知识--中国 , 行政处罚 , 行政复议 | |
| 电子资源: | ||
| ISBN: | 7-80226-243-7 | |
| 000 | 00917oam2 2200289 450 | |
| 001 | 1257142977 | |
| 005 | 20121003155259.46 | |
| 010 | @a7-80226-243-7@dCNY16.00 | |
| 100 | @a20060210d2006 em y0chiy50 ea | |
| 101 | 0 | @achi |
| 102 | @aCN@b110000 | |
| 105 | @ay zn 000yy | |
| 200 | 1 | @a行政处罚与行政复议@Axing zheng chu fa yu xing zheng fu yi@f姚岳绒编著 |
| 210 | @a北京@c中国法制出版社@d2006 | |
| 215 | @a272页@d21cm | |
| 225 | 2 | @a维权百事通@v10 |
| 330 | @a本书涵盖百姓与行政机关在行政处罚和复议过程中遇到的纠纷,提炼真实案例,以案说法,并由专业律师和资深法律人士对案例进行专业解答。 | |
| 461 | 0 | @12001 @a维权百事通 |
| 606 | 0 | @a行政处罚@x基本知识@y中国 |
| 606 | 0 | @a行政复议@x基本知识@y中国 |
| 606 | 0 | @a行政处罚 |
| 606 | 0 | @a行政复议 |
| 690 | @aD922.115@v4 | |
| 690 | @aD925.304@v4 | |
| 701 | 0 | @a姚岳绒@Ayao yue rong@4编著 |
| 801 | 0 | @aCN@bNLC@c20101222 |
| 905 | @a10447@dD922.115@eJY79 | |
| 行政处罚与行政复议/姚岳绒编著.-北京:中国法制出版社,2006 |
| 272页;21cm.-(维权百事通;10) |
| ISBN 7-80226-243-7:CNY16.00 |
| 本书涵盖百姓与行政机关在行政处罚和复议过程中遇到的纠纷,提炼真实案例,以案说法,并由专业律师和资深法律人士对案例进行专业解答。 |
| ● |
| 相关链接 |
|
|
|
|
正题名:行政处罚与行政复议
索取号:D922.115/JY79
 
预约/预借
| 序号 | 登录号 | 条形码 | 馆藏地/架位号 | 状态 | 备注 |
| 1 | 7813044 | 278130443 | 学院路分馆/ [索取号:D922.115/JY79] | 在馆 | |
| 2 | 7813045 | 278130452 | 学院路分馆/ [索取号:D922.115/JY79] | 在馆 |